000 00515nam a2200181Ia 4500
999 _c28760
_d28760
003 OSt
005 20251022145528.0
008 250310s9999||||xx |||||||||||||| ||und||
040 _c.
082 _a669.05
_bH6361
100 _9826
_aHiggins, Raymond A.
245 0 _aEngineering metallurgy: applied physical metallurgy- Part 1 /
_cby Raymond A. Higgins
250 _a5th ed.
260 _aLondon :
_bEnglish Language Book Society,
_c1983.
300 _avii, 559 p.
650 0 _952
_aMetallurgy
942 _cBK
_2ddc